000 00713nam a2200205Ia 4500
001 b2681-24361 [3191]
003 IT-MiCISF
008 161014s9999||||xx |||||||||||||| ||und||
040 _aIT-MiCISF
_cIT-MiCISF
041 _ait
100 _aDi Saint-Thierry Guglielmo
245 0 _aCommento al Cantico dei Cantici
_bExpositio super cantica canticorum epithalanium
250 _a1a ed.
260 _a Magnano (VC)
_bQiqajon
_c1991
300 _app. 336
500 _aintroduzione, traduzione e note a cura di Cecilia Falchini della comunità di Bose / bibbia, amore, teologia, spiritualità-coniugale, pastorale-familiare /
650 _apastorale-familiare
942 _cBK
957 _71
999 _a24361
_bsi
_g1
_c214767
_d214767